El camping y su técnica / (Record no. 122245)
[ view plain ]
| 000 -LEADER | |
|---|---|
| campo de control de longitud fija | 00666nam a2200193 4500 |
| 001 - NÚMERO DE CONTROL | |
| campo de control | 122245 |
| 003 - IDENTIFICADOR DE NÚMERO DE CONTROL | |
| campo de control | ES-MaACL |
| 005 - FECHA Y HORA DE LA ÚLTIMA TRANSACCIÓN | |
| campo de control | 20230906191934.0 |
| 007 - CAMPO FIJO DE DESCRIPCIÓN FÍSICA--INFORMACIÓN GENERAL | |
| campo de control de longitud fija | t| |
| 008 - DATOS DE LONGITUD FIJA--INFORMACIÓN GENERAL | |
| campo de control de longitud fija | 070214s1973 sp r ||||1| spa d |
| 100 1# - ENTRADA PRINCIPAL--NOMBRE DE PERSONA | |
| Nombre de persona | Poupard, Alexis. |
| 9 (RLIN) | 93453 |
| 245 13 - MENCIÓN DEL TÍTULO | |
| Título | El camping y su técnica / |
| Mención de responsabilidad, etc. | Alexis Poupard ; con la colaboración de René Moyset ; prefacio de Claude Fontaine ; traducción de Alberto Solé Benet. |
| 260 ## - PUBLICACIÓN, DISTRIBUCIÓN, ETC. | |
| Lugar de publicación, distribución, etc. | Barcelona : |
| Nombre del editor, distribuidor, etc. | Hispano-Europea, |
| Fecha de publicación, distribución, etc. | 1973. |
| 300 ## - DESCRIPCIÓN FÍSICA | |
| Extensión | 65 p. : |
| Otras características físicas | il. ; |
| Dimensiones | 21 cm. |
| 700 1# - ENTRADA AGREGADA--NOMBRE PERSONAL | |
| Nombre de persona | Moyset, René. |
| 9 (RLIN) | 83994 |
| 700 1# - ENTRADA AGREGADA--NOMBRE PERSONAL | |
| Nombre de persona | Fontaine, Claude. |
| 9 (RLIN) | 51579 |
| 700 1# - ENTRADA AGREGADA--NOMBRE PERSONAL | |
| Nombre de persona | Solé Benet, Alberto. |
| 9 (RLIN) | 107124 |
| 852 ## - LOCALIZACIÓN | |
| Ubicación | ES-MaACL |
| Número de control de estantería | C-54798 |
| Sublocalización o colección | R.87097 |
| Estatus retirado | Estado de pérdida | Estado de daño | No para préstamo | Biblioteca de origen | Biblioteca actual | Ubicación en estantería | Fecha de adquisición | Fuente de adquisición | Total de préstamos | Signatura topográfica completa | Código de barras | Visto por última vez | Precio de reemplazo | Tipo de ítem Koha |
|---|---|---|---|---|---|---|---|---|---|---|---|---|---|---|
| Biblioteca del Ateneo de Madrid | Biblioteca del Ateneo de Madrid | Depósito 2 | 17/01/2008 | C-54798 | 1127388 | 23/02/2023 | 23/02/2023 | Libro impreso |
